00612nam a2200181Ia 450000500170000000800410001702000130005808200150007110000170008624501170010326000480022030000160026865000170028465000110030194200060031295200970031899900150041520240416070155.0240331s9999 xx 000 0 und d a0805505X bSKAa323.4 aSkaar, Elin. 0aHuman rigfhts violations and the paradox of democratic transitionbA Study of Chile and Argentina /cElin Skaar. aNorway :bCHR. Michelsen Institute /c1994. ax, 191 p ., aHuman Rights aSocial cL 001040708LaWERCLbWERCLcSSCd2024-03-31l0o 323.4 SKAp3709r2024-03-31w2024-03-31yL c2503d2503